00358nam a22001457a 4500003000400000008004100004020001800045082001200063100001500075245002700090250000800117260002700125300001200152650004800164OSt260119b |||||||| |||| 00| 0 eng d a9788199075276 a572 GUP aGupta, R.C aPractical Biochemistry a7th aN.DelhibCBS Pubc2026 axii,291 aApplied Biochemistry and clinical chemistry